00594nam a2200145Ia 4500008004100000024005600041082001900097100008800116245002400204260002600228600002700254650003300281856011700314999001700431260210s9999 xx 000 0 und d a18B-013-EE, 18B-014-EE, 18B-051-EE & 18B-056-EE a621.042072 AGH aSyeda Areeba Agha, Saireen Badar, Syed Badar Ali Tirmizi, Syed Mubashir Abbas Zaidi 0aSmart Energy Router aKarachi:bUITU,c2018 aElectronic Engineering aBachelor of Engineering (BE) uhttps://drive.google.com/file/d/13g8fJDVcIMKvUjIndUFk77r3c0hT6sVX/view?usp=sharingyClick here to online Reading c33308d33308